[Event "CRO-ch U19"]
[Site "Vinkovci"]
[Date "2020.07.29"]
[Round "2"]
[White "Salamon, Viktor"]
[Black "Ghersinich, Enrico"]
[Result "1-0"]
[WhiteElo "1805"]
[BlackElo "2299"]
[PlyCount "85"]
[EventDate "2020.07.28"]
[EventType "swiss"]
[EventRounds "9"]
[EventCountry "CRO"]
[SourceTitle "EXT 2021"]
[Source "ChessBase"]
[SourceDate "2020.10.23"]
[SourceVersion "1"]
[SourceVersionDate "2020.10.23"]
[SourceQuality "1"]

1. d4 Nf6 2. c4 e6 3. Nc3 c5 4. d5 exd5 5. cxd5 g6 6. e4 d6 7. Be2 Bg7 8. Bf4 0-0 9. Nf3 Re8 10. Nd2 Na6 11. 0-0 Nc7 12. a4 a6 13. Bf3 Rb8 14. Nc4 Bf8 15. a5 Nb5 16. Re1 Nd4 17. e5 dxe5 18. Bxe5 Bf5 19. Bxb8 Rxe1+ 20. Qxe1 Nc2 21. Qe5 Nd7 22. Qc7 Qxc7 23. Bxc7 Nxa1 24. d6 Nc2 25. Bxb7 Nb4 26. Bc8 Nc6 27. Bxa6 Ndb8 28. Bb5 Bc8 29. Nb6 Ba6 30. d7 Be7 31. Nbd5 Kf8 32. Kf1 f5 33. Nxe7 Kxe7 34. d8Q+ Nxd8 35. Bxb8 Bb7 36. a6 Ba8 37. Na4 Nc6 38. a7 Nd4 39. Bc4 g5 40. Nb6 Bc6 41. Bd5 Bb5+ 42. Kg1 Ne2+ 43. Kh1 1-0

[Event "Valpovo U18 12th"]
[Site "Valpovo"]
[Date "2019.12.15"]
[Round "7.3"]
[White "Salamon, Viktor"]
[Black "Damjanovic, Stjepan"]
[Result "1-0"]
[WhiteElo "1805"]
[BlackElo "1768"]
[PlyCount "66"]
[EventDate "2019.12.13"]
[EventType "tourn (rapid)"]
[EventRounds "7"]
[EventCountry "CRO"]
[SourceTitle "EXT 2023"]
[Source "ChessBase"]
[SourceDate "2022.10.05"]
[SourceVersion "1"]
[SourceVersionDate "2022.10.05"]
[SourceQuality "1"]

1. d4 Nf6 2. c4 e6 3. Nc3 Bb4 4. Qc2 d5 5. a3 Bxc3+ 6. Qxc3 0-0 7. Nf3 a5 8. cxd5 exd5 9. Bf4 Na6 10. e3 c6 11. Bd3 Nc7 12. 0-0 Re8 13. Qc2 h6 14. Rac1 Ne6 15. Bg3 Qb6 16. Ne5 Ng5 17. f3 Nd7 18. f4 Ne4 19. Bxe4 dxe4 20. Qxe4 Qxb2 21. Qd3 Nf6 22. Rb1 Qa2 23. e4 Rb8 24. f5 Nh5 25. Rf2 Qxb1+ 26. Qxb1 Nxg3 27. hxg3 Ra8 28. Qb3 Rf8 29. f6 g5 30. Qf3 Be6 31. d5 cxd5 32. exd5 Bc8 33. Qh5 Kh7 1-0

[Event "CRO-ch U17/U19"]
[Site "Vinkovci"]
[Date "2019.07.28"]
[Round "9"]
[White "Borzan, Andrej"]
[Black "Salamon, Viktor"]
[Result "1-0"]
[WhiteElo "1897"]
[BlackElo "1831"]
[PlyCount "79"]
[EventDate "2019.07.22"]
[EventType "swiss"]
[EventRounds "9"]
[EventCountry "CRO"]
[SourceTitle "EXT 2020"]
[Source "ChessBase"]
[SourceDate "2019.10.17"]
[SourceVersion "1"]
[SourceVersionDate "2019.10.17"]
[SourceQuality "1"]

1. d4 Nf6 2. c4 e6 3. Nc3 Bb4 4. Qc2 c5 5. e3 Nc6 6. Nf3 d5 7. cxd5 exd5 8. a3 cxd4 9. exd4 Be7 10. Be3 0-0 11. Be2 Bg4 12. h3 Bh5 13. 0-0 Rc8 14. Rfd1 Na5 15. Ne5 Bxe2 16. Qxe2 Re8 17. Qf3 Nb3 18. Rab1 Bxa3 19. Nxd5 Nxd5 20. Qxf7+ Kh8 21. bxa3 Rc7 22. Qh5 Nc3 23. Rxb3 Nxd1 24. Nf7+ Rxf7 25. Qxf7 Re7 26. Qf3 Nxe3 27. fxe3 Rc7 28. Rxb7 Kg8 29. Rxc7 Qxc7 30. Qd5+ Kf8 31. Qc5+ Qxc5 32. dxc5 Ke7 33. Kf2 Ke6 34. e4 g5 35. g4 Ke5 36. a4 a5 37. Ke3 h6 38. Kd3 Ke6 39. Kd4 Kd7 40. Kd5 1-0

[Event "CRO-ch U17/U19"]
[Site "Vinkovci"]
[Date "2019.07.26"]
[Round "7"]
[White "Muha, Miljenko"]
[Black "Salamon, Viktor"]
[Result "1-0"]
[WhiteElo "2345"]
[BlackElo "1831"]
[PlyCount "63"]
[EventDate "2019.07.22"]
[EventType "swiss"]
[EventRounds "9"]
[EventCountry "CRO"]
[SourceTitle "EXT 2020"]
[Source "ChessBase"]
[SourceDate "2019.10.17"]
[SourceVersion "1"]
[SourceVersionDate "2019.10.17"]
[SourceQuality "1"]

1. Nf3 Nf6 2. c4 e6 3. g3 d5 4. Bg2 Be7 5. 0-0 0-0 6. d4 dxc4 7. Na3 c3 8. bxc3 c5 9. Ne5 Nbd7 10. Nd3 Qa5 11. Qb3 Qb6 12. Nc4 Qa6 13. a4 Nb6 14. Nde5 Rd8 15. Rd1 Bd7 16. Nxd7 Rxd7 17. Ne5 Rc7 18. a5 Nbd7 19. Nxd7 Rxd7 20. e4 Rc8 21. Bf4 cxd4 22. cxd4 Qc4 23. Rab1 Qxb3 24. Rxb3 Rc4 25. Bf1 Ra4 26. Rdb1 Raxd4 27. Be3 Rxe4 28. Rxb7 Bd6 29. Rb8+ Bxb8 30. Rxb8+ Rd8 31. Rxd8+ Ne8 32. Rxe8# 1-0

[Event "CRO-chT U16"]
[Site "Nasice"]
[Date "2017.12.30"]
[Round "7"]
[White "Kukas, Oliver"]
[Black "Salamon, Viktor"]
[Result "1-0"]
[WhiteElo "2062"]
[BlackElo "1827"]
[PlyCount "85"]
[EventDate "2017.12.27"]
[EventType "team-tourn"]
[EventRounds "7"]
[EventCountry "CRO"]
[SourceTitle "EXT 2019"]
[Source "ChessBase"]
[SourceDate "2018.10.10"]
[SourceVersion "1"]
[SourceVersionDate "2018.10.10"]
[SourceQuality "1"]

1. Nf3 Nf6 2. g3 d5 3. Bg2 c6 4. 0-0 Bg4 5. d3 Nbd7 6. c4 e6 7. cxd5 exd5 8. Bf4 Be7 9. h3 Bxf3 10. Bxf3 Nc5 11. Nc3 Ne6 12. Qd2 d4 13. Ne4 Nxe4 14. dxe4 h5 15. h4 Qb6 16. Rfd1 Rd8 17. Rab1 Qb5 18. Qc1 Nxf4 19. Qxf4 g5 20. hxg5 Qxg5 21. Qxg5 Bxg5 22. Kg2 Ke7 23. Rh1 h4 24. Bg4 hxg3 25. Kxg3 Rxh1 26. Rxh1 d3 27. f4 d2 28. Rd1 Bf6 29. e5 Bg7 30. Kf3 f6 31. exf6+ Bxf6 32. b3 Bh4 33. e4 Be1 34. e5 Rd3+ 35. Ke4 Rg3 36. Bf3 Rh3 37. Bg4 Rg3 38. Be2 Rc3 39. f5 Rc1 40. f6+ Kf8 41. e6 Bh4 42. e7+ Kf7 43. Bh5+ 1-0

[Event "CRO-chT U16"]
[Site "Nasice"]
[Date "2017.12.28"]
[Round "4"]
[White "Kolar, Mihael"]
[Black "Salamon, Viktor"]
[Result "0-1"]
[WhiteElo "1831"]
[BlackElo "1827"]
[PlyCount "120"]
[EventDate "2017.12.27"]
[EventType "team-tourn"]
[EventRounds "7"]
[EventCountry "CRO"]
[SourceTitle "EXT 2019"]
[Source "ChessBase"]
[SourceDate "2018.10.10"]
[SourceVersion "1"]
[SourceVersionDate "2018.10.10"]
[SourceQuality "1"]

1. d4 Nf6 2. Nf3 e6 3. c4 b6 4. Nc3 Bb7 5. Bg5 Bb4 6. a3 Bxc3+ 7. bxc3 h6 8. Bh4 d6 9. e3 g5 10. Bg3 Nbd7 11. Be2 Qe7 12. h3 Ne4 13. Qd3 Nxg3 14. fxg3 Nf6 15. Nd2 Bxg2 16. Rh2 Bb7 17. Rf2 Rg8 18. a4 a5 19. e4 e5 20. d5 Bc8 21. Qf3 Rg6 22. g4 Nd7 23. 0-0-0 Rf6 24. Qe3 Rf4 25. Nf1 Nc5 26. Ng3 Bd7 27. Rg1 Bxa4 28. Nh5 Bd7 29. Nxf4 exf4 30. Qf3 Qxe4 31. Qxe4+ Nxe4 32. Rf3 Ng3 33. Bd3 a4 34. Kb2 Kf8 35. Re1 Ra5 36. Ka3 c6 37. Rb1 cxd5 38. Rxb6 Ke7 39. cxd5 Rxd5 40. Bc2 Kf6 41. Bxa4 Bxa4 42. Kxa4 Ke6 43. Rb4 Re5 44. Rb8 Kf6 45. Rb6 Re6 46. Rd3 Ne4 47. Kb4 Nc5 48. Rdxd6 Rxd6 49. Rxd6+ Ne6 50. c4 Ke5 51. c5 f3 52. Rd1 Kf4 53. c6 f2 54. Kc4 Ke3 55. Kd5 Ke2 56. Rc1 f1Q 57. Rxf1 Kxf1 58. Ke5 Kg2 59. Kf6 Kxh3 60. Kf5 Kh4 0-1

[Event "CRO-ch U17"]
[Site "Vinkovci"]
[Date "2017.07.30"]
[Round "9"]
[White "Tomulic, Teo"]
[Black "Salamon, Viktor"]
[Result "1-0"]
[WhiteElo "2319"]
[BlackElo "1749"]
[PlyCount "59"]
[EventDate "2017.07.24"]
[EventType "swiss"]
[EventRounds "9"]
[EventCountry "CRO"]
[SourceTitle "EXT 2018"]
[Source "ChessBase"]
[SourceDate "2017.10.13"]
[SourceVersion "1"]
[SourceVersionDate "2017.10.13"]
[SourceQuality "1"]

1. e4 d5 2. exd5 Qxd5 3. Nc3 Qd6 4. d4 Nf6 5. Bc4 c6 6. Nge2 Bg4 7. f3 Bf5 8. Bf4 Qb4 9. Bb3 e6 10. 0-0 Be7 11. Qd2 Nbd7 12. Kh1 0-0 13. a3 Qa5 14. Nd5 Qd8 15. Nxe7+ Qxe7 16. Rfe1 Rfe8 17. Ng3 Bg6 18. Rad1 h6 19. c4 Rad8 20. c5 Nd5 21. Bd6 Qh4 22. Ne4 N7f6 23. Bg3 Qh5 24. Nd6 Re7 25. Re5 Bf5 26. Nxf5 exf5 27. Rxe7 Nxe7 28. Qa5 Ra8 29. Qc7 b6 30. Qxe7 1-0

[Event "CRO-ch U17"]
[Site "Vinkovci"]
[Date "2016.07.26"]
[Round "3"]
[White "Salamon, Viktor"]
[Black "Borzan, Andrej"]
[Result "0-1"]
[WhiteElo "1750"]
[BlackElo "1573"]
[PlyCount "55"]
[EventDate "2016.07.25"]
[EventType "swiss"]
[EventRounds "9"]
[EventCountry "CRO"]
[SourceTitle "CBM 173 Extra"]
[Source "ChessBase"]
[SourceDate "2016.08.29"]
[SourceVersion "1"]
[SourceVersionDate "2016.08.29"]
[SourceQuality "1"]

1. d4 d5 2. Nf3 Nf6 3. g3 Nc6 4. Bg2 Bg4 5. Nbd2 e6 6. 0-0 Be7 7. b3 0-0 8. Bb2 h6 9. h3 Bh5 10. Rc1 Rc8 11. a3 Re8 12. c4 a6 13. Re1 Bg6 14. cxd5 exd5 15. Ne5 Nxe5 16. dxe5 Ne4 17. b4 Nxd2 18. Qxd2 c6 19. Red1 Qb6 20. Kh1 Qxf2 21. e4 Qxd2 22. Rxd2 Bg5 23. Rcd1 Bxd2 24. Rxd2 Bxe4 25. Bxe4 dxe4 26. Rd7 Rcd8 27. Rd6 Rxd6 28. exd6 0-1

[Event "CRO-ch U15"]
[Site "Trogir"]
[Date "2016.06.24"]
[Round "6"]
[White "Salamon, Viktor"]
[Black "Jankovic, Antonio"]
[Result "1-0"]
[WhiteElo "1742"]
[BlackElo "1549"]
[PlyCount "135"]
[EventDate "2016.06.21"]
[EventType "swiss"]
[EventRounds "9"]
[EventCountry "CRO"]
[SourceTitle "EXT 2017"]
[Source "ChessBase"]
[SourceDate "2016.10.25"]
[SourceVersion "1"]
[SourceVersionDate "2016.10.25"]
[SourceQuality "1"]

1. d4 d5 2. c4 c6 3. Nf3 Nf6 4. Nc3 Bf5 5. cxd5 cxd5 6. Qb3 Qb6 7. Nxd5 Nxd5 8. Qxd5 e6 9. Qb3 Qxb3 10. axb3 Bc2 11. e3 Bxb3 12. Bb5+ Kd8 13. Ne5 Ke7 14. Bd2 Bd5 15. Rc1 Bxg2 16. Rg1 Bc6 17. Nxc6+ Nxc6 18. Bxc6 bxc6 19. Rxc6 Kd7 20. Rc2 Rg8 21. e4 a5 22. Ke2 g6 23. e5 Bg7 24. Rgc1 Rgd8 25. Rc7+ Ke8 26. Bg5 Rd5 27. Re7+ Kf8 28. Rcc7 Bh8 29. Rxf7+ Kg8 30. Rxh7 Rf8 31. Bh6 Rb8 32. Rb7 Rxb7 33. Rxb7 Rxd4 34. f4 Rc4 35. Kd3 Rc1 36. h4 Rc6 37. Rd7 a4 38. Ra7 Rb6 39. Kc2 Rb4 40. Kc3 Rb3+ 41. Kc2 Rb4 42. Ra6 Kh7 43. Bg5 Rc4+ 44. Kb1 Rb4 45. Ka2 Bg7 46. Rxe6 Bf8 47. Rc6 Bg7 48. Rc2 Rb7 49. Rc4 Ra7 50. Rc2 Rb7 51. Re2 Bh6 52. e6 Bxg5 53. hxg5 Re7 54. Ka3 Kg7 55. Kxa4 Kf8 56. b4 Ke8 57. b5 Kd8 58. b6 Kc8 59. Kb5 Kb7 60. Kc5 Re8 61. e7 Ka6 62. Kd6 Kxb6 63. Kd7 Ra8 64. e8Q Ra7+ 65. Kd6 Ra5 66. Qb8+ Ka6 67. Qc8+ Ka7 68. Re7+ 1-0

[Event "CRO-ch U15"]
[Site "Trogir"]
[Date "2016.06.24"]
[Round "7"]
[White "Sos, Fran"]
[Black "Salamon, Viktor"]
[Result "1-0"]
[WhiteElo "1830"]
[BlackElo "1742"]
[PlyCount "135"]
[EventDate "2016.06.21"]
[EventType "swiss"]
[EventRounds "9"]
[EventCountry "CRO"]
[SourceTitle "EXT 2017"]
[Source "ChessBase"]
[SourceDate "2016.10.25"]
[SourceVersion "1"]
[SourceVersionDate "2016.10.25"]
[SourceQuality "1"]

1. d4 d5 2. c4 e6 3. Nc3 Nf6 4. Nf3 c6 5. e3 Nbd7 6. Qc2 Bd6 7. g4 Nxg4 8. Rg1 h5 9. h3 Qf6 10. Be2 Nh2 11. Nxh2 Bxh2 12. Rg2 Bd6 13. Bd2 g6 14. 0-0-0 Qe7 15. e4 dxe4 16. Nxe4 Qf8 17. Bd3 Be7 18. Bg5 Bxg5+ 19. Nxg5 Qh6 20. Kb1 Nf8 21. Re1 Bd7 22. d5 Qg7 23. Qb3 0-0-0 24. Qa3 Kb8 25. Qd6+ Ka8 26. dxc6 bxc6 27. Be4 Rc8 28. Re3 Be8 29. Ra3 f5 30. Bf3 e5 31. Be2 e4 32. Rgg3 Qd7 33. Rxa7+ Qxa7 34. Ra3 c5 35. Rxa7+ Kxa7 36. Qe5 Rg8 37. Qe7+ Nd7 38. Ne6 Ka8 39. Qh7 Nf6 40. Qe7 Nd7 41. Bd1 Kb8 42. Qd6+ Kb7 43. Ba4 Nb6 44. Nxc5+ Rxc5 45. Qxc5 Bxa4 46. b3 Bd7 47. a4 Rc8 48. Qb4 Ka7 49. a5 Nxc4 50. Ka1 Nxa5 51. Qxa5+ Kb8 52. Qb6+ Ka8 53. Qxg6 Rc3 54. Qa6+ Kb8 55. Qb6+ Kc8 56. Qa6+ Kb8 57. Qb6+ Kc8 58. h4 Rc6 59. Qd4 Rh6 60. Qg7 Re6 61. Qh8+ Be8 62. Qg8 Re7 63. Qf8 Re5 64. Qf6 Ra5+ 65. Kb2 Rb5 66. Qd6 Bd7 67. Qg6 Rd5 68. Qg8+ 1-0

[Event "CRO-ch U15"]
[Site "Trogir"]
[Date "2016.06.23"]
[Round "5"]
[White "Novosel, Marko"]
[Black "Salamon, Viktor"]
[Result "1-0"]
[WhiteElo "1746"]
[BlackElo "1742"]
[PlyCount "91"]
[EventDate "2016.06.21"]
[EventType "swiss"]
[EventRounds "9"]
[EventCountry "CRO"]
[SourceTitle "EXT 2017"]
[Source "ChessBase"]
[SourceDate "2016.10.25"]
[SourceVersion "1"]
[SourceVersionDate "2016.10.25"]
[SourceQuality "1"]

1. e4 e5 2. Nf3 Nc6 3. d4 exd4 4. Bc4 Nf6 5. 0-0 d6 6. Nxd4 Be7 7. Nc3 0-0 8. Re1 Ne5 9. Be2 c5 10. Nf3 Ng6 11. h3 a6 12. a4 b6 13. b3 Bb7 14. Bd3 Qc7 15. Bb2 Rad8 16. Nd5 Nxd5 17. exd5 Rfe8 18. c4 Bc8 19. Qd2 Bd7 20. Re2 Bf8 21. Rae1 Rxe2 22. Rxe2 Rb8 23. Bxg6 hxg6 24. Ng5 f6 25. Ne6 Bxe6 26. dxe6 Qe7 27. Qd3 Qe8 28. Qd5 Be7 29. Bc1 g5 30. f4 gxf4 31. Bxf4 b5 32. axb5 axb5 33. cxb5 Qxb5 34. Re3 Qb7 35. Qh5 Bf8 36. Rg3 Qe7 37. Qd5 Rb4 38. Qf5 Rb6 39. Re3 Ra6 40. Qd5 Rb6 41. Rd3 Ra6 42. Qc4 Rb6 43. Bxd6 Rb4 44. Qxc5 Qxe6 45. Qxb4 Bxd6 46. Qxd6 1-0